|
|
|
|
| LEADER |
00959nam a2200385 4500 |
| 001 |
DLU200194477 |
| 005 |
##20200204 |
| 020 |
# |
# |
|a 9781133190943
|
| 040 |
# |
# |
|a DLU
|b vie
|
| 041 |
# |
# |
|a eng
|
| 044 |
# |
# |
|a us
|
| 082 |
# |
# |
|a 658.007 2
|b Bus
|
| 245 |
# |
# |
|a Business research methods /
|c William G. Zikmund, ... [et al.].
|
| 250 |
# |
# |
|a 9th ed.
|
| 260 |
# |
# |
|a [S.l.]. :
|b Cengage Learning,
|c 2013.
|
| 300 |
# |
# |
|a xxv, 670 p. ;
|c 28 cm.
|
| 504 |
# |
# |
|a Includes bibliographical references and index.
|
| 650 |
# |
# |
|a Business
|x Research.
|
| 650 |
# |
# |
|a Management
|x Research.
|
| 700 |
# |
# |
|a Babin, Barry J.
|
| 700 |
# |
# |
|a Carr, Jon C.
|
| 700 |
# |
# |
|a Griffin, Mitch.
|
| 700 |
# |
# |
|a Zikmund, William K.
|
| 923 |
# |
# |
|a 07/2019
|
| 991 |
# |
# |
|a SH
|
| 992 |
# |
# |
|a 9658860
|
| 993 |
# |
# |
|a 2013
|
| 994 |
# |
# |
|a DLU
|
| 900 |
# |
# |
|a True
|
| 911 |
# |
# |
|a Nguyễn Thanh Hương
|
| 925 |
# |
# |
|a G
|
| 926 |
# |
# |
|a A
|
| 927 |
# |
# |
|a SH
|
| 980 |
# |
# |
|a Thư viện Trường Đại học Đà Lạt
|